000 00393 a2200169 4500
001 183057
020 _a85-00-00387-1
040 _cMagnum
100 _aCony, Carlos Heitor
240 1 0 _aO burguês e o crime e outros contos
_lpor
245 1 0 _aO burguês e o crime e outros contos
300 _a108
362 0 _a1997
440 1 _aEdiouro
697 _aLITERATURA GERAL
942 _cBK
999 _c183057
_d183057